| 000 | 00531nam a22002171a 4500 | ||
|---|---|---|---|
| 001 | 2679 | ||
| 003 | OSt | ||
| 005 | 20260204211821.0 | ||
| 008 | 040318s1992||||dr ||||||b||||||||||spa|| | ||
| 020 | _a8431202351 | ||
| 050 | _aRD 861.44 B181v | ||
| 082 | _aRD 808.81 B181v | ||
| 100 | _aBalaguer, Joaquín | ||
| 245 | _aLa venda transparente / Joaquín Balaguer | ||
| 250 | _a5 | ||
| 264 | _aSanto Domingo : Corripio | ||
| 300 | _a196 p. | ||
| 500 | _aIncluye indice | ||
| 650 | _a1.Poesía 2.LiteraturaÌ | ||
| 942 |
_2ddc _cBK |
||
| 999 |
_c2679 _d2679 |
||